000
00307nam a2200121Ia 4500
008
230907s9999||||xx |||||||||||||| ||und||
082
_a
658.404
_b
KER
100
_a
Kerzner, Harold.
_9
7267
245
0
_a
Project management :
300
_a
xxvii,1264 pages :
650
_a
Case studies.
_9
115665
942
_c
BK
999
_c
599096
_d
599096